000 00572nam a22002057a 4500
003 OSt
005 20140310183114.0
008 130415t xxu||||| |||| 00| 0 eng d
020 _a9789712359101
050 _aHM 621
_b.B186 2011
082 _aFIL 301
_b.B186 2011
245 _aSociety and culture in a changing world
_cBaliao, Maria Elisa, Parcon Cristabel Rose F.
260 _aManila
_bRex Book Store
_c2011
300 _avii, 170 p.
_bill.
_c25 cm.
521 _aCollege
526 _c1210L-1700L
541 _j1
562 _e1
942 _2lcc
_cBK
_kFIL
999 _c18871
_d18871